|
|
|
|
| LEADER |
00868nam a22002412a 4500 |
| 001 |
001447634 |
| 003 |
CZ BrMZK |
| 005 |
20150717113247.0 |
| 007 |
ta |
| 008 |
150109s1955 xr af er|||||||||||slo d |
| 015 |
|
|
|a cnb001319667
|
| 035 |
|
|
|a (OCoLC)85570576
|
| 040 |
|
|
|a ABA001
|b cze
|c ABA001
|d ABA001
|d BOA001
|
| 080 |
|
|
|a 623.455.5/.7(47)=945.11
|2 undef
|
| 100 |
1 |
|
|a Randák, Karel
|7 uk2011402697
|4 aut
|
| 245 |
1 |
2 |
|a A nagy, példa nyomán :
|b riport a csehszlovák tűzoltók szovjetunioi tanulmányútjárol /
|c Randák Karol
|
| 260 |
|
|
|a [Česko] :
|b Czehszlovák Tűzvédelmi szövetség szlovlovákiai bizottsága,
|c 1955
|
| 300 |
|
|
|a 164 s., [16] obr. príl. :
|b il. ;
|c 8°
|
| 500 |
|
|
|a 2000 výt.
|
| 910 |
|
|
|a BOA001
|b 2-0339.943
|
| 990 |
|
|
|a BK
|
| 991 |
|
|
|b 201501
|
| 996 |
7 |
|
|b 2618988975
|c 2-0339.943
|l MZK
|r Sklad / do 24 hodin
|n 0
|w 001481925
|u 000010
|a 1
|e BOA001
|j MZK50
|s A
|